|
|
|
|
| LEADER |
01462nam a2200373 a 4500 |
| 001 |
000769860 |
| 003 |
CZ BrMZK |
| 005 |
20050506172827.0 |
| 007 |
ta |
| 008 |
050408s2004 xr a erp 001 0 cze d |
| 015 |
|
|
|a cnb001530353
|
| 020 |
|
|
|a 80-7290-179-6
|q (brož.)
|
| 035 |
|
|
|a (OCoLC)53496333
|
| 040 |
|
|
|a BOA001
|b cze
|
| 072 |
|
7 |
|a 581
|x Obecná botanika
|2 Konspekt
|9 2
|
| 072 |
|
7 |
|a 37.016
|x Učební osnovy. Vyučovací předměty. Učebnice
|2 Konspekt
|9 22
|
| 080 |
|
|
|a 581.4
|2 MRF
|
| 080 |
|
|
|a 581.41
|2 MRF
|
| 080 |
|
|
|a (075.8)
|2 MRF
|
| 100 |
1 |
|
|a Dostál, Petr,
|d 1941-
|7 jn20000400516
|4 aut
|
| 245 |
1 |
0 |
|a Anatomie a morfologie rostlin v pojmech a nákresech /
|c Petr Dostál ; [ilustrace Jana Dostálová]
|
| 250 |
|
|
|a 2., rozš. vyd.
|
| 260 |
|
|
|a Praha :
|b Univerzita Karlova v Praze - Pedagogická fakulta,
|c 2004
|
| 300 |
|
|
|a 122 s. :
|b il. ;
|c 30 cm
|
| 504 |
|
|
|a Obsahuje bibliografii a rejstřík
|
| 500 |
|
|
|a Dostupné též v digitální podobě v aplikaci Kramerius
|
| 650 |
0 |
7 |
|a anatomie rostlin
|7 ph118420
|2 czenas
|
| 650 |
0 |
7 |
|a morfologie rostlin
|7 ph122985
|2 czenas
|
| 655 |
|
7 |
|a učebnice vysokých škol
|7 fd133772
|2 czenas
|
| 856 |
4 |
1 |
|u http://www.digitalniknihovna.cz/mzk/uuid/uuid:45ebafb0-554f-11e6-a5c5-005056827e51
|y Digitalizovaný dokument
|x NDK
|
| 910 |
|
|
|a BOA001
|b 3-1149.591
|
| 990 |
|
|
|a BK
|
| 991 |
|
|
|b 200505
|c NOV
|
| 996 |
6 |
|
|b 2610247744
|c 3-1149.591
|l MZK
|r Sklad / do 1 hodiny
|n 2
|p p.v.
|w 000769860
|u 000010
|a 1
|e BOA001
|j MZK50
|s P
|